Lyrics to 'Meet Me In The Woods' by Lord Huron - Statistics

General Stats
  • This quiz has been taken 54 times
  • The average score is 205 of 223
Answer Stats
Answer % Correct
a
100%
And
100%
and
100%
can
100%
darkness
100%
got
100%
hold
100%
I
100%
in
100%
me
100%
my
100%
on
100%
see
100%
the
100%
The
100%
to
100%
unknown
100%
you
100%
back
96%
can't
96%
does
96%
journey
96%
little
96%
Oh
96%
tonight
96%
took
96%
was
96%
who
96%
woods
96%
your
96%
away
93%
been
93%
bones
93%
days
93%
feel
93%
have
93%
it
93%
long
93%
Meet
93%
seen
93%
so
93%
what
93%
ain't
89%
are
89%
changed
89%
come
89%
eyes
89%
fears
89%
for
89%
gone
89%
I've
89%
say
89%
Say
89%
that
89%
ages
86%
baby
86%
bring
86%
feels
86%
fucked
86%
How
86%
it's
86%
like
86%
Now
86%
only
86%
our
86%
things
86%
though
86%
with
86%
dreams
82%
forces
82%
goodbye
82%
I'll
82%
is
82%
mine
82%
night
82%
Show
82%
show
82%
stranger
82%
There
82%
truth
82%
yours
82%
all
79%
endless
79%
Follow
79%
language
79%
life
79%
than
79%
them
79%
Don't
75%
ever
75%
into
75%
own
75%
look
71%
worst
68%
yeah
57%
No matching quizzes found
Score Distribution
Percent of People with Each Score
Percentile by Number Answered
Your Score History
You have not taken this quiz